1200 1817 1593 1714 1098 1873 1916 1060 1732 1051 1696 1229 1480 1548 1898 1510 1972 1544 1191 1780 1707 1401 1532 1015 1839 1415 1912 1635 1215 1781 1224 1210 1618 1762 1011 1097 1192 1341 1960 1990 1424 1331 1048 1728 1148 1377 1799 1569 1342 1225 1871 1072 1822 1789 1770 1579 1182 1530 1877 1495 1766 1398 1459 1982 1297 1154 1529 1232 1640 1131 1799 1604 1621 1211 1391 1523 1578 1722 1889 1839 1910 1354 1220 1790 1607 1270 1632 1385 1007 1752 1303 1555 1196 1920 1981 1271 1753 1328 1211 BCNSPRNW ULIB Ver.6.0+V

เปลี่ยนเป็นภาษาไทย

Change to English
 แสดงรายละเอียดบรรณานุกรม
  กลับหน้าหลัก

Brief Record : Get Marc (ISO 2709) : E-mail record : QR code < ปิดหน้าต่าง
LEADER : 00000nam 2200000uu 4500
001    13399127139
003     ULIB
008    020711s2019 th a 000 0 eng d
020    ^a9781496382542
060    ^aWY101^bM336S
100    ^aMarilee LeBon
245    ^aStudy Guide for Fundamentals of Nursing: The Art and Science of Person-Centered Care
250    ^a9th ed
260    ^aNew York :^bWolters Kluwer,^c2019
300    ^a425 pages;^b30 cm
650    ^aNursing
945    ^p1450^l0^i006329
999    ^aประนอม เกษจรัล
รายการนี้ยังไม่มีแท็ก
คุณยังไม่ได้ล็อกอิน คุณสามารถมีกิจกรรมร่วมกับเว็บไซต์ได้ แต่ต้องล็อกอินก่อน ::
  ล็อกอิน

รายการสื่อสารสนเทศ

ลำดับที่ ประเภท เลขเรียก/บาร์โค้ด สถานที่ สถานะ
1. Book การพยาบาล
Book การพยาบาล
WY101 M336S ฉ.1 
  Barcode: 006329
ห้องสมุดวิทยาเขตสวรรค์ประชารักษ์
►หนังสือทั่วไป
บนชั้น

รายการใกล้เคียง
    ผู้แต่ง [Marilee LeBon]

    หัวเรื่อง [Nursing]

BibComment


ยังไม่เคยถูกคอมเมนท์

คอมเมนท์ทรัพยากรรายการนี้
  คอมเมนท์: Study Guide for ..


 Copyright 2026. Bcnsprnw @Library